000
00443nam a2200169Ia 4500
008
090711s9999 xx 000 0 und d
082
_b
70054
100
_a
वाईकर विजय
245
_a
रक्तरंग
260
_c
1973
300
_a
100
600
_a
वाईकर विजय
630
_a
रक्तरंग
700
_a
वाईकर विजय
730
_a
रक्तरंग
942
_c
BOOK
999
_c
291057
_d
291057